000 00248nam a2200097Ia 4500
005 20251222114410.0
008 251222s1900||||xx |||||||||||||| ||spa||
082 _aDVD0150/M22/2006
245 0 _aSan Felipe Neri: un santo para los niƱos.
942 _cDVD
999 _c2011
_d2011